000 00922nam a2200217Ia 4500
003 GCL
008 140319s9999 xx 000 0 ara d
020 _a9334227977
040 _aGCL /
_cGCL
082 0 4 _aق
_b351
_bع و
100 1 _aعصام حسن بيومى
245 1 0 _aوزارة التامينات والشئون الاجتماعية /
_cعصام حسن بيومى
260 _aالقاهرة :
_bمركز الدراسات السياسية والاستراتيجية - الأهرام ،
_c2005
300 _a148 ص ؛
_c22 سم
490 _aسلسلة الوزارات المصرية
_v0
650 0 4 _aمصر - التنمية الاجتماعية
650 0 4 _aالوزارات - مصر
650 0 4 _aوزارة التأمينات والشئون الاجتماعية - مصر
650 0 4 _aوزارة الـتأمينات والشئون الاجتماعية - تنظيم وإدارة
942 _2ddc
_cBK
999 _c9286
_d9286